000 01278nam a2200253Ia 4500
999 _c36690
_d36690
001 2619
003 GE_BSU
005 20221101161905.0
008 181216s2006||||ge |||||||||||||| ||geo||
020 _a9994087118
040 _cGE_BSU
041 _ageo
080 _a316.346.2(042.4) წ–39
100 _aწერეთელი, მზია
_915697
245 _aგენდერი–კულტურული და სოციალური კონსტრუქტი :
_bსალექციო კურსი სოც. მეცნ. მაგისტრატურისათვის /
_cმზია წერეთელი ; [მთ. რედ.: მარინე ჩიტაშვილი, ენობრ. რედ.: ლია კაჭარავა].
264 _aთბილისი :
_bსოციალურ მეცნიერებათა ცენტრი,
_c2006.
300 _a116 გვ.;
_b29 სმ.
490 _aსოციალურ მეცნიერებათა სერია
520 _aრეზ. ინგლ. ენ.
541 _h8 ლ.
653 _aგენდერი
653 _aსოციალურ-კოგნიტური თეორიები.
942 _cBK
_2udc